Top 25 grossing superhero movies - Statistics

General Stats
  • This quiz has been taken 587 times
    449 since last reset
  • The average score is 14 of 25
Answer Stats
Rank Lifetime Gross Movie % Correct
1 $623,357,910 Marvel's the Avengers
95%
9 $318,412,101 Iron Man
90%
15 $251,188,924 Batman
87%
5 $403,706,375 Spider-Man
82%
2 $534,858,444 The Dark Knight
80%
10 $312,433,331 Iron Man 2
79%
4 $409,013,994 Iron Man 3
74%
6 $373,585,825 Spider-Man 2
69%
7 $336,530,303 Spider-Man 3
69%
3 $448,139,009 The Dark Knight Rises
66%
20 $206,852,432 Batman Begins
59%
12 $262,030,663 The Amazing Spider-Man
57%
14 $259,766,572 Captain America: The Winter Soldier
53%
11 $291,045,518 Man of Steel
50%
21 $206,362,140 Thor: The Dark World
50%
22 $179,883,157 The Amazing Spider-Man 2
49%
8 $330,504,000 Guardians of the Galaxy
46%
19 $214,949,694 X2: X-Men United
43%
16 $234,362,462 X-Men: The Last Stand
38%
25 $184,031,112 Batman Forever
31%
23 $200,081,192 Superman Returns
29%
18 $227,946,274 Hancock
26%
17 $206,852,432 X-Men: Days of Future Past
26%
13 $261,441,092 The Incredibles
15%
24 $191,163,000 Teenage Mutant Ninja Turtles (2014)
3%
No matching quizzes found
Score Distribution
Percent of People with Each Score
Percentile by Number Answered
Your Score History
You have not taken this quiz since the last reset